| 000 | 00469nam a22001817a 4500 | ||
|---|---|---|---|
| 001 | BD-DhSAU 6256 | ||
| 003 | BD-DhSAU | ||
| 005 | 20150503161804.0 | ||
| 008 | 150503b1988 ii a|||| |||| 00| 0 eng d | ||
| 040 | _aBD-DhSAU | ||
| 082 |
_222 _a540.3 _bSHD |
||
| 100 | _aSharma, J. L. | ||
| 245 |
_aA dictionary of chemistry / _cby J. L. Sharma |
||
| 260 |
_aDelhi : _bCBS publishers , _cc1988. |
||
| 300 |
_a647 p.: _bill. ; _c24 cm. |
||
| 590 | _aIMRAN | ||
| 650 | _aChemistry | ||
| 942 |
_2ddc _cBOOK |
||
| 999 |
_c6256 _d6256 |
||